000 00647nam a2200277Ia 4500
001 2450
008 191123s9999 xx 000 0 und d
041 _aspa
044 _aag
100 _aRead, Herbert,
245 0 _aArte e industria :
_bprincipios del diseño industrial.
260 _aBuenos Aires :
_bInfinito,
_c1961.
300 _a2 v.
500 _aEl volumen 2 contiene las ilustraciones
650 _aARTE
650 _aDISEÑO INDUSTRIAL
650 _aINDUSTRIA
902 _aM
903 _am
904 _am
907 _aImpreso
911 _ailus. b/n; 23 cm
912 _a1961
942 _cLIBRO
999 _c2139
_d2139